Normal view
MARC view
Entry Personal Name
001 - CONTROL NUMBER
- control field: 765104
003 - CONTROL NUMBER IDENTIFIER
- control field: OSt
005 - DATE AND TIME OF LATEST TRANSACTION
- control field: 20250508154128.0
008 - FIXED-LENGTH DATA ELEMENTS
- fixed length control field: 250508|| aca||aabn | a|a d
040 ## - CATALOGING SOURCE
- Original cataloging agency: OSt
- Transcribing agency: OSt
100 ## - HEADING--PERSONAL NAME
- Personal name: Raksha Balvir
670 ## - SOURCE DATA FOUND
- Source citation: Work cat.: (OSt)1347867: Raksha Balvir, Study of the self concept, disparity between self image and perception by others and their relationship to adjustment, 1966
